[Event "Regionalliga NW 1617"]
[Site "Bayern"]
[Date "2017.04.30"]
[Round "9.7"]
[White "Kitschke, Stephan"]
[Black "Kuehn, Alexander1"]
[Result "0-1"]
[WhiteElo "1698"]
[BlackElo "1769"]
[PlyCount "46"]
[EventDate "2016.10.16"]
[EventType "team-tourn"]
[EventRounds "9"]
[EventCountry "GER"]
[SourceTitle "EXT 2019"]
[Source "ChessBase"]
[SourceDate "2018.10.10"]
[SourceVersion "1"]
[SourceVersionDate "2018.10.10"]
[SourceQuality "1"]
[WhiteTeam "Hof PTSV"]
[BlackTeam "Rottendorf"]
[WhiteTeamCountry "GER"]
[BlackTeamCountry "GER"]

1. e4 c5 2. d4 cxd4 3. Nf3 Nf6 4. e5 Ne4 5. Nxd4 d5 6. exd6 Nxd6 7. Bf4 e5 8. Bxe5 Qa5+ 9. Nc3 Qxe5+ 10. Qe2 Nc6 11. 0-0-0 Qxe2 12. Bxe2 Ne5 13. Rhe1 Be7 14. Ndb5 Nxb5 15. Nxb5 Bg5+ 16. Kb1 0-0 17. g3 Ng4 18. f4 Bf6 19. Nd6 Ne3 20. Rd3 Nf5 21. Nxc8 Raxc8 22. Bg4 Rce8 23. Red1 Ne3 0-1

[Event "Regionalliga NW 1617"]
[Site "Bayern"]
[Date "2016.11.20"]
[Round "2.8"]
[White "Link, Klaus"]
[Black "Kitschke, Stephan"]
[Result "1-0"]
[WhiteElo "1975"]
[BlackElo "1698"]
[PlyCount "59"]
[EventDate "2016.10.16"]
[EventType "team-tourn"]
[EventRounds "9"]
[EventCountry "GER"]
[SourceTitle "EXT 2019"]
[Source "ChessBase"]
[SourceDate "2018.10.10"]
[SourceVersion "1"]
[SourceVersionDate "2018.10.10"]
[SourceQuality "1"]
[WhiteTeam "Klingenberg/Main"]
[BlackTeam "Hof PTSV"]
[WhiteTeamCountry "GER"]
[BlackTeamCountry "GER"]

1. e4 e5 2. Nf3 Nc6 3. Bc4 Bc5 4. b4 Bxb4 5. c3 Ba5 6. Qb3 Qe7 7. 0-0 Nf6 8. d4 exd4 9. e5 Nxe5 10. Nxe5 Qxe5 11. Bxf7+ Kd8 12. cxd4 Qxd4 13. Bb2 Qb4 14. Qc2 d6 15. Nc3 Rf8 16. Bb3 c6 17. Rad1 Bg4 18. f3 Qc5+ 19. Kh1 Bf5 20. Qd2 Kc7 21. Rc1 Rad8 22. Qg5 Bxc3 23. Bxc3 Rd7 24. Bxf6 gxf6 25. Qh6 Qa3 26. Qxf8 h5 27. Qxf6 Bd3 28. Rfe1 d5 29. Qf4+ Kd8 30. Qb8# 1-0

[Event "Regionalliga NW 1314"]
[Site "Bayern"]
[Date "2014.04.06"]
[Round "9.6"]
[White "Federschmidt, Ralf"]
[Black "Kitschke, Stephan"]
[Result "1/2-1/2"]
[WhiteElo "1833"]
[BlackElo "1618"]
[PlyCount "85"]
[EventDate "2013.10.13"]
[EventType "team-tourn"]
[EventRounds "9"]
[EventCountry "GER"]
[SourceTitle "EXT 2015"]
[Source "ChessBase"]
[SourceDate "2014.11.20"]
[SourceVersion "1"]
[SourceVersionDate "2014.11.20"]
[SourceQuality "1"]
[WhiteTeam "Bad Neustadt"]
[BlackTeam "Hof"]
[WhiteTeamCountry "GER"]
[BlackTeamCountry "GER"]

1. e4 e5 2. Nf3 Nc6 3. Bb5 a6 4. Ba4 b5 5. Bb3 Bc5 6. 0-0 Bb7 7. c3 d6 8. d4 Bb6 9. Ng5 Nh6 10. Qh5 Qf6 11. d5 Na5 12. Be3 Nxb3 13. axb3 Bxe3 14. fxe3 Qg6 15. Qh4 0-0 16. Nd2 c5 17. Rf3 Bc8 18. Rg3 Ng4 19. h3 Qh6 20. Rxg4 Bxg4 21. Qxg4 Ra7 22. Kf2 Qg6 23. Qf5 h6 24. Ngf3 Qh7 25. Ke2 Rd8 26. Rf1 g6 27. Qf6 Rad7 28. Nh2 Qg7 29. Ng4 h5 30. Qxg7+ Kxg7 31. Nf6 Ra7 32. g4 hxg4 33. hxg4 Rh8 34. Rf2 a5 35. g5 a4 36. bxa4 Rxa4 37. Kd3 c4+ 38. Kc2 Kf8 39. Nb1 Ra1 40. Na3 Rhh1 41. Nd7+ Ke7 42. Nb6 Rac1+ 43. Kd2 1/2-1/2

[Event "Oberfranken-ch op 0607"]
[Site "Schney"]
[Date "2007.01.03"]
[Round "4"]
[White "Bizzell, Brandon"]
[Black "Kitschke, Stephan"]
[Result "1-0"]
[WhiteElo "1854"]
[BlackElo "1425"]
[PlyCount "51"]
[EventDate "2007.01.02"]
[EventType "swiss"]
[EventRounds "9"]
[EventCountry "GER"]
[SourceTitle "EXT 2024"]
[Source "ChessBase"]
[SourceDate "2023.10.10"]
[SourceVersion "1"]
[SourceVersionDate "2023.10.10"]
[SourceQuality "1"]

1. e4 e5 2. Nc3 Nf6 3. f4 exf4 4. e5 Ng4 5. Qxg4 d6 6. Qxf4 dxe5 7. Qxe5+ Be6 8. Nf3 Nc6 9. Bb5 Qd7 10. Bxc6 Qxc6 11. d4 0-0-0 12. 0-0 f6 13. Qa5 a6 14. Re1 Bd5 15. Nxd5 Rxd5 16. Qc3 Qd7 17. Bf4 Bd6 18. Bxd6 Rxd6 19. Qe3 Qf7 20. b3 g5 21. Rad1 h6 22. c4 f5 23. Ne5 Qf6 24. d5 Rf8 25. Qa7 c6 26. dxc6 1-0

[Event "Oberfranken-ch op 0607"]
[Site "Schney"]
[Date "2007.01.02"]
[Round "2"]
[White "Kitschke, Stephan"]
[Black "Verlatov, Artjom"]
[Result "0-1"]
[WhiteElo "1425"]
[BlackElo "1878"]
[PlyCount "68"]
[EventDate "2007.01.02"]
[EventType "swiss"]
[EventRounds "9"]
[EventCountry "GER"]
[SourceTitle "EXT 2024"]
[Source "ChessBase"]
[SourceDate "2023.10.10"]
[SourceVersion "1"]
[SourceVersionDate "2023.10.10"]
[SourceQuality "1"]

1. d4 f5 2. e3 Nf6 3. c4 g6 4. Nf3 Bg7 5. Be2 0-0 6. 0-0 d6 7. Nc3 c6 8. Bd2 Qe8 9. Qc2 e5 10. dxe5 dxe5 11. Rfd1 Na6 12. b3 h6 13. Na4 g5 14. Bc3 Ne4 15. Bb2 g4 16. Ne1 Qe7 17. Nc3 Nb4 18. Qc1 Qh4 19. Nxe4 fxe4 20. g3 Qf6 21. Qd2 Qxf2+ 22. Kh1 Be6 23. Ng2 Rad8 24. Qe1 Nc2 25. Qxf2 Rxd1+ 26. Rxd1 Rxf2 27. Rd2 Nb4 28. Kg1 Rf8 29. Ba3 a5 30. Ne1 Bf6 31. Nc2 Bg5 32. Bxb4 axb4 33. Bf1 Ra8 34. Nxb4 Bxe3+ 0-1

[Event "Oberfranken-ch op 0607"]
[Site "Schney"]
[Date "2007.01.02"]
[Round "1"]
[White "Mullan, Thomas"]
[Black "Kitschke, Stephan"]
[Result "0-1"]
[WhiteElo "1142"]
[BlackElo "1425"]
[PlyCount "88"]
[EventDate "2007.01.02"]
[EventType "swiss"]
[EventRounds "9"]
[EventCountry "GER"]
[SourceTitle "EXT 2024"]
[Source "ChessBase"]
[SourceDate "2023.10.10"]
[SourceVersion "1"]
[SourceVersionDate "2023.10.10"]
[SourceQuality "1"]

1. e4 e5 2. Nf3 Nc6 3. d4 exd4 4. Nxd4 Nxd4 5. Qxd4 b6 6. Be3 Bb7 7. Nc3 d6 8. Be2 Nf6 9. f3 Be7 10. 0-0-0 0-0 11. Bf4 Nh5 12. Bg3 Bh4 13. Bxh4 Qxh4 14. g3 Qf6 15. Rd3 Qxd4 16. Rxd4 Rfe8 17. Nd5 Bxd5 18. Rxd5 Nf6 19. Rd2 a6 20. c4 Rab8 21. a4 Nd7 22. b4 a5 23. b5 Nc5 24. Ra2 Rbd8 25. Re1 Re6 26. Bf1 Rh6 27. h4 Rg6 28. g4 Rf6 29. Bg2 Nd3+ 30. Kd2 Nxe1 31. Kxe1 Re6 32. Bh3 d5 33. Rd2 d4 34. Rd3 g6 35. Kf2 Re5 36. Bf1 Rc5 37. Rd2 f5 38. Bh3 fxe4 39. fxe4 Re5 40. Bg2 Kg7 41. Kf3 g5 42. hxg5 Rxg5 43. Kf4 Kf6 44. Rd3 h5 0-1

[Event "Oberfranken-ch U16"]
[Site "Schney"]
[Date "2006.01.03"]
[Round "3.1"]
[White "Backer, Julia"]
[Black "Kitschke, Stephan"]
[Result "1-0"]
[WhiteElo "1571"]
[BlackElo "1139"]
[PlyCount "75"]
[EventDate "2006.01.02"]
[EventType "swiss"]
[EventRounds "7"]
[EventCountry "GER"]
[SourceTitle "EXT 2019"]
[Source "ChessBase"]
[SourceDate "2018.10.10"]
[SourceVersion "1"]
[SourceVersionDate "2018.10.10"]
[SourceQuality "1"]

1. e4 e6 2. d3 c5 3. Nf3 Nc6 4. Bf4 d6 5. g3 Be7 6. Bg2 Nf6 7. 0-0 0-0 8. e5 Nd5 9. exd6 Bxd6 10. Bxd6 Qxd6 11. Qd2 Bd7 12. Nc3 Nce7 13. Rfe1 Rac8 14. Ne5 Nxc3 15. Qxc3 Nd5 16. Qd2 Rfd8 17. Qe2 Bc6 18. Qh5 Be8 19. Nc4 Qe7 20. Bxd5 Rxd5 21. Qxd5 exd5 22. Rxe7 dxc4 23. Rxb7 cxd3 24. cxd3 g6 25. Rxa7 Bb5 26. Ra3 Rd8 27. Rc3 Rxd3 28. Rxc5 Bd7 29. a4 Rb3 30. Rc2 Bf5 31. Rd2 Bd3 32. a5 Ba6 33. Rd6 Be2 34. Rb6 Rd3 35. a6 Bf3 36. a7 Kg7 37. a8Q Bxa8 38. Rxa8 1-0

[Event "Oberfranken-ch U16 0405"]
[Site "Schney"]
[Date "2005.01.02"]
[Round "1"]
[White "Kitschke, Stephan"]
[Black "Schaller, Bastian"]
[Result "0-1"]
[WhiteElo "1002"]
[BlackElo "1471"]
[PlyCount "86"]
[EventDate "2005.01.02"]
[EventType "swiss"]
[EventRounds "7"]
[EventCountry "GER"]
[SourceTitle "EXT 2007"]
[Source "ChessBase"]
[SourceDate "2006.11.23"]
[SourceVersion "1"]
[SourceVersionDate "2006.11.23"]
[SourceQuality "1"]

1. e4 e5 2. Nf3 Nc6 3. Bc4 Bc5 4. 0-0 Nf6 5. Nc3 d6 6. d3 h6 7. h3 Be6 8. Bxe6 fxe6 9. Be3 Bb6 10. d4 exd4 11. Nxd4 Nxd4 12. Bxd4 e5 13. Bxb6 axb6 14. a3 0-0 15. Nd5 c6 16. Ne3 Nxe4 17. Qg4 Rf4 18. Qh5 Qg5 19. Qxg5 Nxg5 20. Rad1 d5 21. Ng4 Re8 22. f3 Rf7 23. h4 Nh7 24. Rfe1 Rfe7 25. Rd2 h5 26. Ne3 g6 27. g4 Nf6 28. Rde2 e4 29. fxe4 Rxe4 30. gxh5 Nxh5 31. Kf2 Nf4 32. Rd2 d4 33. Kf3 dxe3 34. Rde2 Nxe2 35. Rxe2 Kf7 36. b3 Kf6 37. c3 Rxh4 38. Kg3 g5 39. a4 Kf5 40. b4 Ke4 41. a5 bxa5 42. bxa5 Kd3 43. Kf3 Rh3+ 0-1

[Event "Oberfranken-ch U16 0405"]
[Site "Schney"]
[Date "2005.01.02"]
[Round "2"]
[White "Kolinsky, Karina"]
[Black "Kitschke, Stephan"]
[Result "1-0"]
[WhiteElo "1301"]
[BlackElo "1002"]
[PlyCount "65"]
[EventDate "2005.01.02"]
[EventType "swiss"]
[EventRounds "7"]
[EventCountry "GER"]
[SourceTitle "EXT 2007"]
[Source "ChessBase"]
[SourceDate "2006.11.23"]
[SourceVersion "1"]
[SourceVersionDate "2006.11.23"]
[SourceQuality "1"]

1. e4 e6 2. d4 d5 3. exd5 exd5 4. Nc3 Nf6 5. Bg5 h6 6. Bxf6 Qxf6 7. Nxd5 Qe6+ 8. Qe2 Be7 9. Nxc7+ Kd8 10. Nxe6+ Bxe6 11. Nf3 Bf6 12. Qd3 Re8 13. Be2 g6 14. 0-0 Bf5 15. Qd2 h5 16. Rfe1 Nc6 17. Bb5 Rxe1+ 18. Rxe1 Rc8 19. Qe3 Ne7 20. c3 a6 21. Ba4 b5 22. Bb3 Ke8 23. Ng5 Kf8 24. Nh7+ Kg7 25. Nxf6 Kxf6 26. Qxe7+ Kg7 27. Qxf7+ Kh6 28. Be6 Bxe6 29. Rxe6 Rg8 30. Qxg8 Kg5 31. Qxg6+ Kf4 32. Qf6+ Kg4 33. Re4# 1-0

[Event "Oberfranken-ch U14 0304"]
[Site "Schney"]
[Date "2004.01.04"]
[Round "5"]
[White "Kitschke, Stephan"]
[Black "Diller, Steffen"]
[Result "0-1"]
[WhiteElo "998"]
[BlackElo "837"]
[PlyCount "124"]
[EventDate "2004.01.02"]
[EventType "swiss"]
[EventRounds "7"]
[EventCountry "GER"]
[SourceTitle "EXT 2005"]
[Source "ChessBase"]
[SourceDate "2004.11.15"]
[SourceVersion "1"]
[SourceVersionDate "2004.11.15"]
[SourceQuality "1"]

1. e4 e5 2. d4 Nc6 3. Nf3 f6 4. dxe5 Nxe5 5. Nxe5 fxe5 6. Nc3 d6 7. Bc4 Nf6 8. Bg5 Bd7 9. Nd5 Be7 10. Nxf6+ Bxf6 11. Bxf6 Qxf6 12. Qf3 Rf8 13. Qxf6 Rxf6 14. f3 0-0-0 15. 0-0-0 Be6 16. Bxe6+ Rxe6 17. Rhe1 Rh6 18. h3 Rg6 19. Re2 h5 20. Rd3 Rf6 21. Ra3 Kb8 22. Kd1 g5 23. Ke1 Rf4 24. Kf2 g4 25. g3 Rxf3+ 26. Kg2 Rxa3 27. bxa3 gxh3+ 28. Kxh3 a6 29. Rg2 d5 30. Rd2 d4 31. Kh4 Rh8 32. a4 b6 33. Rf2 Re8 34. Rf5 Rd8 35. Rxh5 d3 36. cxd3 Rxd3 37. g4 Rd2 38. g5 Rh2+ 39. Kg3 Rxh5 40. Kg4 Rh8 41. g6 Rg8 42. Kf5 c5 43. Kf6 Rxg6+ 44. Kxg6 c4 45. Kf6 c3 46. Kxe5 c2 47. Ke6 c1Q 48. e5 Qc6+ 49. Kf5 Qd7+ 50. Ke4 Qg4+ 51. Kd5 Qxa4 52. e6 Qxa2+ 53. Kd6 Qa3+ 54. Kc6 Qe7 55. Kd5 a5 56. Kc4 Qxe6+ 57. Kb5 Kb7 58. Ka4 Qc4+ 59. Ka3 Qb4+ 60. Ka2 a4 61. Ka1 a3 62. Ka2 Qb2# 0-1

[Event "Oberfranken-ch U14 0304"]
[Site "Schney"]
[Date "2004.01.02"]
[Round "2"]
[White "Kitschke, Stephan"]
[Black "Angermann, Fabian"]
[Result "0-1"]
[WhiteElo "998"]
[BlackElo "1500"]
[PlyCount "90"]
[EventDate "2004.01.02"]
[EventType "swiss"]
[EventRounds "7"]
[EventCountry "GER"]
[SourceTitle "EXT 2005"]
[Source "ChessBase"]
[SourceDate "2004.11.15"]
[SourceVersion "1"]
[SourceVersionDate "2004.11.15"]
[SourceQuality "1"]

1. e4 d6 2. Nc3 Nf6 3. Bc4 g6 4. d3 Bg7 5. Nf3 0-0 6. Bg5 h6 7. Be3 Nc6 8. Qd2 Kh7 9. Bb5 Bd7 10. 0-0-0 a6 11. Ba4 b5 12. Bb3 e5 13. h4 Bg4 14. Rdg1 Bxf3 15. gxf3 Ne7 16. f4 exf4 17. Bxf4 Nh5 18. Be3 f5 19. f3 f4 20. Bf2 c5 21. Bd5 Ra7 22. Rg2 b4 23. Ne2 Nxd5 24. exd5 Qf6 25. c3 a5 26. d4 Rc7 27. Kb1 Qf5+ 28. Ka1 Qxd5 29. Qc2 Qf5 30. Qxf5 Rxf5 31. Rhg1 Rf6 32. d5 Re7 33. Nc1 Re5 34. c4 a4 35. Nd3 Re2 36. Nc1 Rd2 37. Re1 Rf7 38. Re6 Rxb2 39. a3 Rxf2+ 40. Kb1 Rxg2 41. Rxd6 bxa3 42. Rc6 Rb7+ 43. Nb3 Rxb3+ 44. Kc1 a2 45. d6 a1Q# 0-1